000 00422 a2200169 4500
001 71362
020 _a8516008126
040 _cAnchieta - Colégio São Paulo
100 _aBranco, Samuel Murgel
240 1 0 _aCurupira e o equilíbrio da natureza
_lpor
245 1 0 _aCurupira e o equilíbrio da natureza
300 _a16
362 0 _a1998
440 1 _aModerna
650 4 _aLiteratura infanto-juvenil
942 _cBK
999 _c71362
_d71362